000 00540nam a22002057a 4500
003 OSt
005 20140310183040.0
008 130222t xxu||||| |||| 00| 0 eng d
020 _a9719245603
050 _aRT 55
_b.G211 2003
100 _aGapuz, Ray A.
245 _aThe ABC's of passing foreign nursing exams /
_cRay A. Gapuz
260 _aManila :
_bR.A. Gapuz Review Center,
_c2002.
300 _a318 p. :
_b ill. ;
_c23 cm.
521 _aNUR
526 _c1210L-1700L
562 _e1
942 _2lcc
_cBK
_kLOC
999 _c18526
_d18526